Kamus harian federal : Bahasa Malaysia-Inggeris-Bahasa Malaysia
| Other Authors: | |
|---|---|
| Format: | Book |
| Published: |
Kuala Lumpur :
Federal Publications ,
1995
|
| Subjects: |
MARC
| LEADER | 00000cam a2200000 7i4500 | ||
|---|---|---|---|
| 001 | 0000008787 | ||
| 002 | 000009582 | ||
| 005 | 20000330.0 | ||
| 020 | |a 9679149412 | ||
| 090 | 0 | 0 | |a 499.28321 |b KAM |
| 245 | 1 | 0 | |a Kamus harian federal : |b Bahasa Malaysia-Inggeris-Bahasa Malaysia |
| 260 | |a Kuala Lumpur : |b Federal Publications , |c 1995 | ||
| 300 | |a 693p. ; |c 23cm. | ||
| 650 | 0 | 0 | |a Malay language |x English language |x Dictionary and dictionaries |
| 700 | 0 | |a Mohd Salleh Daud | |
| 999 | |a 052836 |b BUKU |c RUJUKAN |e PERPUSTAKAAN KOMUNITI PETALING JAYA | ||